Klasztor bernardyński w pejzażu przedmieść późnośredniowiecznych miast i miasteczek Królestwa Polskiego i Wielkiego Księstwa Litewskiego

Titel: Klasztor bernardyński w pejzażu przedmieść późnośredniowiecznych miast i miasteczek Królestwa Polskiego i Wielkiego Księstwa Litewskiego
Verfasser:
In: Ecclesia et civitas, (2002), Seite 129-139
alle Artikel anzeigen
Veröffentlicht: 2002
Format: Aufsatz
Sprache: Polnisch
Kein Bild verfügbar
X
alg: 39387736
001A    $01999:12-11-16 
001B    $01999:28-05-21 $t19:21:58.000 
001D    $01999:12-11-16 
001U    $0utf8 
001X    $00 
002@    $0Aox 
003@    $0393877361 
007A    $0393877361 $aHEB 
007T    $0Herdk22546 
010@    $apol 
011@    $a2002 
021A    $aKlasztor bernardyński w pejzażu przedmieść późnośredniowiecznych miast i miasteczek Królestwa Polskiego i Wielkiego Księstwa Litewskiego 
028A    $aMaciszewska $dMałgorzata 
031A    $h129-139 $j2002 
039B    $aIn $8--Aau--. Ecclesia et civitas. - Warszawa : Inst. Historii Polskiej Akad. Nauk, 2002. - 534 S.. - Ill.. - ISBN 83-86301-98-8 $x200200000000000871 $9115177019 
045F    $a200.947930902 $eDDC23BSB 
045F/01 $a200.9 
045F/03 $f0902 
045F/03 $g4793 
045F/03 $g438 

lok: 39387736 78

exp: 39387736 78 1 #EPN
201B/01 $006-10-20 $t22:44:02.000 
201U/01 $0utf8 
203@/01 $0789987872 
208@/01 $a12-11-16 $be 
209A/01 $a/ $f000 $x00 
220C/01 $aTitelaufnehmer: pbb 
220C/01 $aHerkunft: IH PAN/PBB Kraków 
244Z/01 $2Trx $#Litauen $#Lithuania $#Litwa $#Litva $#Litva $8--Trx--Lietuva $x01 $9391193457 
244Z/01 $2Trx $#Poola $#Lenkija $#Polija $#Polen Land $#Poland $#Lengyelország $#Poľsko $#Polsko $8--Trx--Polska$gkraj $x02 $9391345966 
244Z/01 $#Rzeczpospolita Obojga Narodów $#Litauen Großfürstentum $#Lietuva bis 1795 $#Wielkie Księstwo Litewskie $#Velikoe Knjažestvo Litovskoe $#Vjalikae Knjastva Litoŭskae $#Grossfürstentum Litauen $74499060-1 $8--Tg1--Großfürstentum Litauen $x03 $9089174828 
244Z/01 $aGeschichte 1200-1500 $x04 
244Z/01 $2Trx $#ordud frantsiskaanid $#ordinas pranciškonų $#Order Franciscans $#szerzetesrendek Ferences szerzetesek $#zakony, franciszkanie $#rád, františkáni $#řád, františkáni $#Minoriten $#Bernhardiner $#Franziskaner $#Orden Bernhardiner $#minoryci $#bracia mniejsi $#bernardyni $#franciszkanie $#františkáni $#řád, minorité $#řád, bernardini $8--Trx--Orden$gFranziskaner $x05 $9391382888 
244Z/01 $2Trx $#kloostrid $#vienuolynai $#monasteries $#kolostorok $#klasztory $#kláštory $#kláštery $8--Trx--Klöster $x06 $9391383108 
244Z/01 $2Trx $8--Trx--Einzelbeiträge $x07 $9391384570 
245Z/01 $a10.02.01 $x01 
247C/01 $82080>Marburg/Lahn, Herder-Institut, Forschungsbibliothek, Bibliographieportal $9336309341
LEADER 00000caa a22000002c 4500
001 393877361
003 DE-603
005 20210528192158.0
007 tu
008 161112s2002 xx |||| | u00||u|pol c
035 |a (DE-599)HEB393877361 
040 |a DE-603  |b ger  |c DE-603  |d DE-603 
041 |a pol 
082 0 4 |8 1\u  |a 200.947930902  |q DE-101  |2 23/BSB 
085 |8 1\u  |b 200.9 
085 |8 1\u  |z 1  |s 0902 
085 |8 1\u  |z 2  |s 4793 
085 |8 1\u  |z 2  |s 438 
100 1 |a Maciszewska, Małgorzata 
245 0 0 |a Klasztor bernardyński w pejzażu przedmieść późnośredniowiecznych miast i miasteczek Królestwa Polskiego i Wielkiego Księstwa Litewskiego 
264 0 |c 2002 
773 0 8 |i In  |t Ecclesia et civitas  |d Warszawa : Inst. Historii Polskiej Akad. Nauk, 2002  |h 534 S., Ill.  |z 8386301988  |g (2002), Seite 129-139  |w (DE-603)115177019 
924 0 |9 2080  |a (DE-603)789987872  |b DE-2080  |c HES  |d d  |g /